<?xml version="1.0" encoding="UTF-8"?>
<collection xmlns:xsi="http://www.w3.org/2001/XMLSchema-instance" xsi:schemaLocation="http://www.loc.gov/MARC21/slim http://www.loc.gov/standards/marcxml/schema/MARC21slim.xsd" xmlns="http://www.loc.gov/MARC21/slim">
 <record>
  <leader>00000cam a22000003i 4500</leader>
  <controlfield tag="001">UP-1685594773861985412</controlfield>
  <controlfield tag="003">Buklod</controlfield>
  <controlfield tag="005">20250320141649.0</controlfield>
  <controlfield tag="006">g||| |     ||   ||</controlfield>
  <controlfield tag="007">ta</controlfield>
  <controlfield tag="008">171109t19701975xx      r    |000 0|eng d</controlfield>
  <datafield tag="035" ind1=" " ind2=" ">
   <subfield code="a">(iLib)UPBAG-00015977278</subfield>
  </datafield>
  <datafield tag="040" ind1=" " ind2=" ">
   <subfield code="a">oc</subfield>
   <subfield code="d">BAG</subfield>
   <subfield code="e">rda</subfield>
  </datafield>
  <datafield tag="041" ind1="0" ind2=" ">
   <subfield code="a">eng</subfield>
  </datafield>
  <datafield tag="090" ind1=" " ind2="0">
   <subfield code="a">KF 5625.51 N3</subfield>
   <subfield code="b">C37 1975</subfield>
  </datafield>
  <datafield tag="100" ind1="1" ind2=" ">
   <subfield code="a">Castellanes, Emilio D.</subfield>
   <subfield code="e">author.</subfield>
  </datafield>
  <datafield tag="245" ind1="1" ind2="0">
   <subfield code="a">Negotiable instruments (with warehouse receipts and documents of title)</subfield>
   <subfield code="c">by Emilio D. Castellanes and Jose S. Pasion.</subfield>
  </datafield>
  <datafield tag="250" ind1=" " ind2=" ">
   <subfield code="a">Revised edition.</subfield>
  </datafield>
  <datafield tag="264" ind1=" " ind2="1">
   <subfield code="a">[Place of publication not identified]</subfield>
   <subfield code="b">[publisher not identified]</subfield>
   <subfield code="c">1975, ©1970. (Manila</subfield>
   <subfield code="b">Printed by GIC Enterprises</subfield>
   <subfield code="c">1975)</subfield>
  </datafield>
  <datafield tag="300" ind1=" " ind2=" ">
   <subfield code="a">xix, 299 pages</subfield>
   <subfield code="c">22 cm</subfield>
  </datafield>
  <datafield tag="505" ind1="0" ind2=" ">
   <subfield code="a">Part I Negotiable Instruments: Fundamental concepts; Execution of negotiable instruments; Consideration; Negotiation; Rights and liabilities of parties; Presentment for payment; Dishonor and proceedings on dishonor; Payment and discharge; Bills of exchange; Acceptance; Presentment for acceptance; Protest and notice of protest; Acceptance for honor and payment supra protest; Bills inset; Promissory notes; Checks -- Part II Warehouse Receipts: The issue of warehouse receipts; Obligations and rights of warehouseman; Negotiation and transfer of receipts; Documents of title -- Part III Loan: General provisions; Simple loan or mutuum -- Part IV Pledge and Mortgage: Common provisions; Pledge; Real estate mortgage; Chattel mortgage</subfield>
  </datafield>
  <datafield tag="650" ind1=" " ind2="0">
   <subfield code="a">Negotiable instruments</subfield>
   <subfield code="z">Philippines.</subfield>
  </datafield>
  <datafield tag="650" ind1=" " ind2="0">
   <subfield code="a">Warehouse receipts</subfield>
   <subfield code="z">Philippines.</subfield>
  </datafield>
  <datafield tag="700" ind1="1" ind2=" ">
   <subfield code="a">Pasion, Jose S.</subfield>
   <subfield code="e">author.</subfield>
  </datafield>
  <datafield tag="905" ind1=" " ind2=" ">
   <subfield code="a">FI</subfield>
  </datafield>
  <datafield tag="852" ind1="0" ind2=" ">
   <subfield code="a">UPBAG</subfield>
   <subfield code="b">UPBAG-MAIN</subfield>
   <subfield code="h">KF 5625.51 N3 C37 1975</subfield>
  </datafield>
  <datafield tag="942" ind1=" " ind2=" ">
   <subfield code="a">Book</subfield>
  </datafield>
 </record>
</collection>
